Historia de las universidades estatales

Gespeichert in:
Bibliographische Detailangaben
Hauptverfasser: Castrejón Díez, Jaime (VerfasserIn), Pérez Lizaur, Marisol (VerfasserIn)
Format: Buch
Sprache:Spanisch
Veröffentlicht: Ciudad de México SEP 1976
Schlagworte:
Tags: Tag hinzufügen
Keine Tags, Fügen Sie den ersten Tag hinzu!

MARC

LEADER 00000nam a2200000 a 4500
001 UCU0626
003 CL-VaPUC
008 960322e19760000MX |||||||||||||||||spa|d
082 0 4 |a 378.009  |b CAS  |2 21 
100 0 |a Castrejón Díez, Jaime  |e author  |9 355963 
700 0 |a Pérez Lizaur, Marisol  |e author  |9 355964 
245 1 0 |a Historia de las universidades estatales 
300 |a v 
942 |c BK 
945 |d 19960322 00:00:00  |a paguirre 
260 |a Ciudad de México  |b SEP  |c 1976 
650 0 |a Universidades  |9 256317 
650 0 |a Historia  |9 255047 
650 0 |a Educación superior   |9 223851 
650 0 |a Estudiantes universitarios  |9 334744 
583 |a last modification  |c 19960322 00:00:00  |k Rodrigo Vera 
999 |c 245465  |d 245463 
952 |0 0  |1 0  |4 0  |6 378_009000000000000_CAS_1976  |7 0  |8 P  |9 259974  |a BIBEDU  |b BIBEDU  |c BIBEDU_PB  |d 2019-11-19  |h v.2  |i 1638815  |o 378.009 CAS 1976  |p 1638815  |r 2024-01-25  |w 2019-11-19  |y BK  |k EDU 
952 |0 0  |1 0  |4 0  |6 378_009000000000000_CAS_1976  |7 0  |8 A  |9 259975  |a BIBENE  |b BIBENE  |d 2019-11-19  |i 3265013  |o 378.009 CAS 1976  |p 3265013  |r 2025-01-15  |w 2019-11-19  |y BK  |k ICO